000 00678nam a2200229Ia 4500
003 OSt
005 20220918203203.0
006 a|||||r|||| 00| 0
007 ta
008 220917b |||||||| |||| 00| 0 eng d
024 _a106,623
037 _cTextual
040 _aARTS
_cARTS
_beng
041 _2eng
_aeng
082 _aV3:55.N15, E5
100 _aSeymour Charles
245 0 _aElectoral reform in England and Wales 1915
_b the development and operation of the parlimentary Franchies 1832-85
260 _aN.H
_bYale Univ Press
_c1915
650 _aHISTORY
942 _hV3:55.N15, E5
_cTEXL
_2CC
999 _c229981
_d229981